Diccionari Aguiló / materials lexicogràfics aplegats per Marià Aguiló i Fuster
Descripción Física:
p. 277 a 367 ; 25 cm
Materias:
Català -- Diccionaris
MARC
| LEADER | 00000nam a2200000Ia 4500 | ||
|---|---|---|---|
| 001 | 7886 | ||
| 008 | 160829s1918 xx 000 0 cat d | ||
| 710 | 2 | |a Institut d'Estudis Catalans |9 52284 | |
| 952 | |0 0 |1 0 |4 0 |6 L1299 |7 1 |9 42154 |a Arxiu |b Arxiu |d 2016-12-01 |l 0 |o L-1-299 |p 7886 |r 2016-12-01 00:00:00 |w 2016-12-01 |y ARXIU | ||
| 999 | |c 44601 |d 44601 | ||
| 080 | |a L-1-299 | ||
| 100 | |a Aguiló, Marià |9 19705 | ||
| 245 | |a Diccionari Aguiló / materials lexicogràfics aplegats per Marià Aguiló i Fuster | ||
| 260 | |a Barcelona : |b Institut d'Estudis Catalans. Palau de la Diputació, |c 1918 | ||
| 300 | |a p. 277 a 367 ; |c 25 cm | ||
| 490 | |a Biblioteca filològica de l'Institut de la Llengua Catalana ; 8I | ||
| 650 | |a Català |x Diccionaris |9 25552 | ||
| 866 | |a vbcrlfFascicle VII : (esgarrapall - Ezechiel) | ||
| 901 | |a Arxiu | ||
| 942 | |n 1 |2 udc | ||